[Event "XXVI. Rhein-Main-Open, Gruppe B"]
[Site "Bad Homburg vor der Höhe"]
[Date "2024.05.29"]
[Round "2"]
[White "Schloemer, Andreas"]
[Black "Bigott, Martin"]
[Result "0-1"]
[WhiteElo "1766"]
[BlackElo "1885"]
[PlyCount "134"]
[EventDate "2024.??.??"]
[WhiteTeam "SK Upland Willingen"]
[BlackTeam "SK Köln-Südwest"]

1. c4 g6 2. g3 Bg7 3. Bg2 c5 4. d3 d6 5. Nf3 Nc6 6. O-O Bd7 7. a3 Rb8 8. Qc2 a6 9. Nc3 b5 10. cxb5 axb5 11. Rb1 b4 12. axb4 Nxb4 13. Qd2 Qb6 14. b3 Bc6 15. Bb2 Nf6 16. Rfc1 O-O 17. d4 cxd4 18. Nxd4 Bxg2 19. Kxg2 Ng4 20. e3 Ne5 21. Nce2 Ned3 22. Rd1 Qb7+ 23. Kg1 Nxb2 24. Rxb2 Rfc8 25. Rc1 Rxc1+ 26. Nxc1 Rc8 27. Rb1 e5 28. Nde2 d5 29. Nd3 Nc6 30. Nc5 Qb5 31. Rc1 d4 32. Qd3 Qxd3 33. Nxd3 dxe3 34. fxe3 e4 35. Nb4 Ne7 36. Rxc8+ Nxc8 37. Nd5 Nd6 38. b4 Kf8 39. g4 Ke8 40. h4 Kd7 41. Kf2 Kc6 42. Nef4 Kb5 43. Ke2 Kc4 44. Kd2 Be5 45. g5 Bxf4 46. Nxf4 Kxb4 47. h5 Kc4 48. hxg6 hxg6 49. Ke2 Nf5 50. Kf2 Ne7 51. Ke2 Nc6 52. Kf2 Ne5 53. Ke2 Nf3 54. Nh3 Kc3 55. Nf2 Nxg5 56. Ng4 Nf3 57. Nf6 Ng5 58. Ng4 Kc4 59. Nf6 Kc5 60. Kf2 Kd6 61. Kg3 Ke6 62. Ng4 f5 63. Nf2 Nf3 64. Nh3 g5 65. Nf2 Kd5 66. Nh3 Kc4 67. Kf2 Kd3 0-1

[Event "XXVI. Rhein-Main-Open, Gruppe B"]
[Site "Bad Homburg vor der Höhe"]
[Date "2024.05.29"]
[Round "2"]
[White "Schneider, Felix"]
[Black "Iannotti, Tim"]
[Result "1-0"]
[WhiteElo "1622"]
[BlackElo "1094"]
[PlyCount "163"]
[EventDate "2024.??.??"]
[WhiteTeam "SK Bad Homburg 1927"]
[BlackTeam "SV Oberursel"]

1. Nf3 Nc6 2. d4 d5 3. g3 Bf5 4. Bg2 Nb4 5. Na3 Nf6 6. c3 Nc6 7. O-O e6 8. Qb3 Qc8 9. Re1 Bd6 10. c4 O-O 11. c5 Be7 12. Bf4 Bg4 13. Nc2 Ne4 14. h3 Bh5 15. Nd2 Nxd2 16. Bxd2 Bf6 17. e3 b6 18. Qa4 Ne7 19. b4 Bg6 20. Qb3 Qa6 21. Rac1 b5 22. Bc3 Rad8 23. Rcd1 Rfe8 24. Na3 c6 25. Nb1 h6 26. Nd2 Nf5 27. Qb2 e5 28. dxe5 Be7 29. Nb3 h5 30. Nd4 Qc8 31. Qa1 a5 32. a4 Nxd4 33. exd4 axb4 34. Bxb4 Qb7 35. axb5 Qxb5 36. Qc3 Rb8 37. Ba5 Bd8 38. Bxd8 Rbxd8 39. Ra1 Ra8 40. Bf1 Qb7 41. Bd3 Bxd3 42. Qxd3 Qd7 43. Kg2 Rac8 44. Ra6 Re6 45. Rea1 Rg6 46. Ra7 Qe6 47. Qf3 h4 48. g4 Kh7 49. Rxf7 Rb8 50. Qf5 Qxf5 51. Rxf5 Rb4 52. Rf4 Re6 53. Ra7 Rxe5 54. Rc7 Re6 55. g5 Kg6 56. Rxh4 Kxg5 57. Rg4+ Kf5 58. Rcxg7 Re4 59. R7g5+ Ke6 60. Rg6+ Kd7 61. Rd6+ Ke7 62. Rxe4+ dxe4 63. h4 Rb3 64. Rxc6 e3 65. fxe3 Rxe3 66. d5 Rd3 67. Re6+ Kd7 68. Re5 Rc3 69. d6 Ra3 70. h5 Ra8 71. Kf3 Rf8+ 72. Ke4 Kc6 73. h6 Rf6 74. Rh5 Rf8 75. h7 Rh8 76. Kd4 Kd7 77. Kd5 Ke8 78. Ke6 Kd8 79. Rg5 Re8+ 80. Kd5 Kd7 81. Rg7+ Kd8 82. Rg8 1-0

[Event "XXVI. Rhein-Main-Open, Gruppe B"]
[Site "Bad Homburg vor der Höhe"]
[Date "2024.05.29"]
[Round "2"]
[White "Schneider, Wolfram"]
[Black "Obst, Dietmar"]
[Result "1-0"]
[WhiteElo "1914"]
[BlackElo "1618"]
[PlyCount "71"]
[EventDate "2024.??.??"]
[WhiteTeam "SK Marburg 1931/72"]
[BlackTeam "SC Bad Nauheim"]

1. d4 d5 2. c4 e6 3. Nc3 Nf6 4. Bg5 Be7 5. Nf3 Nbd7 6. Rc1 c5 7. cxd5 exd5 8. dxc5 Qa5 9. Qa4 Bd8 10. b4 Qxa4 11. Nxa4 O-O 12. e3 Re8 13. Be2 h6 14. Bf4 g5 15. Bg3 Ne4 16. O-O Ndf6 17. Rfd1 Nxg3 18. hxg3 Be6 19. Nd4 Ne4 20. g4 Nf6 21. Nf5 Bxf5 22. gxf5 Bc7 23. c6 bxc6 24. Rxc6 Bd8 25. Bf3 Be7 26. b5 Red8 27. Nc3 Kg7 28. Bxd5 Bb4 29. Rxf6 Bxc3 30. Rxf7+ Kh8 31. e4 Ba5 32. Rc1 Rab8 33. Rc6 Rxb5 34. Rxh6+ Kg8 35. f6 Rbxd5 36. Rg7+ 1-0

[Event "XXVI. Rhein-Main-Open, Gruppe B"]
[Site "Bad Homburg vor der Höhe"]
[Date "2024.05.29"]
[Round "2"]
[White "Stojanoski, Stefan"]
[Black "Glavev, Victor"]
[Result "1/2-1/2"]
[WhiteElo "1638"]
[BlackElo "1483"]
[PlyCount "101"]
[EventDate "2024.??.??"]
[WhiteTeam "SAbt TuS Makkabi Ffm"]
[BlackTeam "SK Bad Homburg 1927"]

1. e4 e5 2. Nf3 Nc6 3. Bc4 Bc5 4. d3 h6 5. c3 Nf6 6. a4 a5 7. O-O O-O 8. Be3 Bb6 9. Bxb6 cxb6 10. Re1 d6 11. Qb3 Bg4 12. Nbd2 Ne7 13. d4 exd4 14. cxd4 d5 15. exd5 Nexd5 16. Bxd5 Nxd5 17. Rac1 Be6 18. Qd3 Nb4 19. Qe3 Na2 20. Ra1 Rc8 21. Qe4 Bd5 22. Qb1 Nb4 23. Rc1 Rxc1+ 24. Qxc1 Nd3 25. Qc3 Nf4 26. Re1 Re8 27. Rxe8+ Qxe8 28. Qc7 Qxa4 29. Qxf4 Bxf3 30. Qxf3 Qa1+ 31. Nf1 Qxb2 32. Qxb7 Qxd4 33. Qc8+ Kh7 34. Qc2+ g6 35. Qa2 Kg7 36. Qb1 a4 37. Ne3 a3 38. Nc2 Qb2 39. Qxb2+ axb2 40. Na3 b5 41. Kf1 b4 42. Nb1 Kf6 43. Ke2 Ke5 44. Ke3 Kd5 45. Kd3 b3 46. h3 f5 47. g3 g5 48. f4 gxf4 49. gxf4 h5 50. h4 Kc5 51. Kc3 1/2-1/2

[Event "XXVI. Rhein-Main-Open, Gruppe B"]
[Site "Bad Homburg vor der Höhe"]
[Date "2024.05.29"]
[Round "2"]
[White "Wesener, Joachim"]
[Black "Riazi, Dominik"]
[Result "1-0"]
[WhiteElo "1699"]
[BlackElo "1207"]
[PlyCount "107"]
[EventDate "2024.??.??"]
[WhiteTeam "SC Hilchenbach"]
[BlackTeam "SK Bad Homburg 1927"]

1. g3 d5 2. Nf3 c5 3. Bg2 Nf6 4. O-O e6 5. d4 cxd4 6. Nxd4 e5 7. Nb3 Nc6 8. Bg5 Be6 9. Bxf6 gxf6 10. c3 Qd7 11. e4 dxe4 12. Qxd7+ Bxd7 13. Bxe4 f5 14. Bg2 O-O-O 15. N1d2 Bh6 16. Nf3 f4 17. Rfe1 Rhe8 18. Nc5 fxg3 19. hxg3 Bf5 20. Nh4 Be6 21. Nxe6 Rxe6 22. Bh3 Rd2 23. Bxe6+ fxe6 24. Rab1 Bg7 25. Nf3 Rd3 26. Ng5 Kd7 27. Nxh7 Ke7 28. Ng5 Na5 29. Rbd1 Rxd1 30. Rxd1 Nc4 31. b3 Nd6 32. c4 Bf6 33. Nf3 Ne4 34. Re1 Nc3 35. a3 b5 36. Nxe5 Bxe5 37. Rxe5 bxc4 38. bxc4 a5 39. Rxa5 Ne2+ 40. Kg2 Kd7 41. f3 Nd4 42. Ra6 Ke7 43. g4 Nb3 44. Kg3 Nd2 45. c5 Kd7 46. Rd6+ Kc7 47. Rxd2 Kc8 48. g5 Kc7 49. Rd6 Kc8 50. g6 Kc7 51. g7 Kb7 52. g8=Q Ka7 53. Qf7+ Kb8 54. Rd8# 1-0

[Event "XXVI. Rhein-Main-Open, Gruppe B"]
[Site "Bad Homburg vor der Höhe"]
[Date "2024.05.29"]
[Round "2"]
[White "Winter, Thomas"]
[Black "Smid, Marcel"]
[Result "0-1"]
[WhiteElo "1624"]
[BlackElo "1651"]
[PlyCount "66"]
[EventDate "2024.??.??"]
[WhiteTeam "SV Oberursel"]

1. e4 c6 2. Nf3 d5 3. Nc3 dxe4 4. Nxe4 Nf6 5. Nxf6+ exf6 6. d4 Bd6 7. Be3 Bg4 8. Be2 O-O 9. Qd2 Re8 10. O-O-O Nd7 11. h3 Bh5 12. g4 Bg6 13. Kb1 Nf8 14. g5 fxg5 15. Nxg5 Qc7 16. Bg4 f5 17. Be2 f4 18. Bc4+ Kh8 19. h4 fxe3 20. fxe3 h6 21. h5 Qe7 22. hxg6 Qxg5 23. Rde1 Qxg6 24. Bd3 Qf6 25. Ref1 Qg5 26. Rf3 Nh7 27. Qf2 Rf8 28. Qe2 Rxf3 29. Qxf3 Rf8 30. Qe4 Nf6 31. Qe6 Qd5 32. Qh3 Ne4 33. Rh2 Bxh2 0-1

[Event "XXVI. Rhein-Main-Open, Gruppe B"]
[Site "Bad Homburg vor der Höhe"]
[Date "2024.05.29"]
[Round "2"]
[White "Wolf, Aurelia"]
[Black "Kellermann, Friedrich"]
[Result "0-1"]
[WhiteElo "1498"]
[BlackElo "1633"]
[PlyCount "38"]
[EventDate "2024.??.??"]
[WhiteTeam "SK Bad Homburg 1927"]
[BlackTeam "SC Hilchenbach"]

1. e4 e6 2. d4 d5 3. exd5 exd5 4. Bd3 Nf6 5. Bf4 Bd6 6. Bg3 O-O 7. Nf3 Re8+ 8. Kd2 Nc6 9. Bxd6 Qxd6 10. Re1 Bg4 11. h3 Bxf3 12. Qxf3 Nxd4 13. Qd1 Qf4+ 14. Kc3 Ne4+ 15. Bxe4 Rxe4 16. Rxe4 Nb5+ 17. Kb4 Qxe4+ 18. Kxb5 Qc4+ 19. Ka5 b6# 0-1

[Event "XXVI. Rhein-Main-Open, Gruppe B"]
[Site "Bad Homburg vor der Höhe"]
[Date "2024.05.29"]
[Round "2"]
[White "Zerhusen, Martin"]
[Black "Beier, Martin"]
[Result "1/2-1/2"]
[WhiteElo "1805"]
[BlackElo "1602"]
[PlyCount "70"]
[EventDate "2024.??.??"]
[WhiteTeam "SV Rüsselsheim 1929"]
[BlackTeam "SK Bad Homburg 1927"]

1. d4 d5 2. c4 e6 3. Nf3 c6 4. e3 Nf6 5. Nc3 Nbd7 6. Bd3 dxc4 7. Bxc4 b5 8. Be2 Bb7 9. O-O a6 10. Bd2 c5 11. a3 c4 12. b3 Qc7 13. bxc4 bxc4 14. h3 Bd6 15. Qc2 O-O 16. Rfc1 Rac8 17. Na4 Bd5 18. Nc3 Bb7 19. Qa2 Nb6 20. Rab1 Nfd5 21. Qb2 Ba8 22. Nxd5 Nxd5 23. Rxc4 Qe7 24. Rxc8 Rxc8 25. a4 Rc6 26. Rc1 Qa7 27. Bd3 Rb6 28. Rc8+ Bf8 29. Qc2 g6 30. e4 Nb4 31. Bh6 Rb8 32. Qc5 Qxc5 33. Rxb8 Qd6 34. Rxf8+ Qxf8 35. Bxf8 Nxd3 1/2-1/2

[Event "XXVI. Rhein-Main-Open, Gruppe B"]
[Site "Bad Homburg vor der Höhe"]
[Date "2024.05.29"]
[Round "3"]
[White "Arnold, Michael"]
[Black "Lebermann, Hellmuth"]
[Result "0-1"]
[WhiteElo "1829"]
[BlackElo "1909"]
[PlyCount "46"]
[EventDate "2024.??.??"]
[WhiteTeam "SK Langen"]
[BlackTeam "SK Bad Homburg 1927"]

1. d4 c5 2. e3 e6 3. Nf3 f5 4. c3 Nf6 5. Bd3 Be7 6. Nbd2 d5 7. Ne5 O-O 8. f4 Nbd7 9. Ndf3 Ne4 10. O-O Ndf6 11. dxc5 Bxc5 12. Nd4 Bd6 13. Ndf3 Bd7 14. Bd2 Qb6 15. Nxd7 Nxd7 16. Bc1 Bxf4 17. Nd4 Be5 18. Nf3 Bf6 19. Kh1 Ne5 20. Nxe5 Bxe5 21. Bc2 Qd6 22. Qh5 Rf6 23. h3 Ng3+ 0-1

[Event "XXVI. Rhein-Main-Open, Gruppe B"]
[Site "Bad Homburg vor der Höhe"]
[Date "2024.05.29"]
[Round "3"]
[White "Bahlo, Jens"]
[Black "Nahler, Michael"]
[Result "1/2-1/2"]
[WhiteElo "1888"]
[BlackElo "1884"]
[PlyCount "88"]
[EventDate "2024.??.??"]
[WhiteTeam "SK 1858 Gießen"]
[BlackTeam "SV Oberursel"]

1. e4 e5 2. Nf3 Nf6 3. Nc3 Bb4 4. d3 Nc6 5. Be2 d5 6. exd5 Nxd5 7. Bd2 O-O 8. O-O Bg4 9. Nxd5 Qxd5 10. Bxb4 Nxb4 11. c3 Nc6 12. d4 exd4 13. Nxd4 Bxe2 14. Nxe2 Rad8 15. Ng3 g6 16. Re1 Ne5 17. Qxd5 Rxd5 18. Rad1 Rfd8 19. Rxd5 Rxd5 20. Ne4 Kg7 21. b3 h6 22. c4 Rd4 23. Kf1 b6 24. Nc3 f6 25. f3 Kf7 26. Nb5 Rd2 27. Re2 Rd1+ 28. Kf2 c6 29. Nxa7 Rd7 30. Nc8 b5 31. cxb5 cxb5 32. Rc2 Ke6 33. Ke2 f5 34. f4 Nd3 35. g3 Nb4 36. Rc5 Nxa2 37. Rc6+ Kf7 38. Nd6+ Kg7 39. Nxb5 Rd5 40. Nc7 Rd7 41. Na6 Rd5 42. b4 Rb5 43. Rc5 Rb6 44. b5 Rxb5 1/2-1/2

[Event "XXVI. Rhein-Main-Open, Gruppe B"]
[Site "Bad Homburg vor der Höhe"]
[Date "2024.05.29"]
[Round "3"]
[White "Beier, Martin"]
[Black "Krischak, Werner"]
[Result "1-0"]
[WhiteElo "1602"]
[BlackElo "1791"]
[PlyCount "131"]
[EventDate "2024.??.??"]
[WhiteTeam "SK Bad Homburg 1927"]
[BlackTeam "SK Marburg 1931/72"]

1. e4 c6 2. d4 d5 3. e5 Bf5 4. h4 h5 5. Bg5 Qb6 6. Bd3 Bxd3 7. Qxd3 Qxb2 8. Nf3 e6 9. O-O Nd7 10. Nc3 Bb4 11. Ne2 Qa3 12. c3 Be7 13. Rfb1 Nb6 14. Rb3 Qa5 15. Qe3 Nc4 16. Qd3 b5 17. Nf4 Bxg5 18. Nxg5 Ne7 19. Rb4 Nf5 20. g3 Ke7 21. Qf3 g6 22. Nd3 Raf8 23. Nc5 Qc7 24. a4 a5 25. Rbb1 Nd2 26. Qd3 Nxb1 27. Rxb1 b4 28. cxb4 Qa7 29. bxa5 Rb8 30. a6 Rxb1+ 31. Qxb1 Rb8 32. Nb7 Qxa6 33. Qb4+ c5 34. Qxc5+ Kd7 35. Nh7 Qxb7 36. Nf6+ Kd8 37. Qf8+ Kc7 38. Qxf7+ Kb6 39. Qxe6+ Ka7 40. Nd7 Nxd4 41. Qd6 Rd8 42. Qc5+ Ka6 43. Qd6+ Ka7 44. Qc5+ Ka8 45. Qa5+ Qa7 46. Qxd8+ Kb7 47. Qe7 Nf5 48. Nc5+ Kb6 49. Qxa7+ Kxa7 50. a5 Nd4 51. Nb3 Nf3+ 52. Kg2 Nxe5 53. f4 Nc4 54. Kf3 Ka6 55. g4 Kb5 56. gxh5 gxh5 57. f5 Kb4 58. a6 Kxb3 59. a7 Nb6 60. f6 d4 61. Ke4 Kc3 62. f7 d3 63. f8=Q d2 64. Qa3+ Kc2 65. Qd3+ Kc1 66. Qc3+ 1-0

[Event "XXVI. Rhein-Main-Open, Gruppe B"]
[Site "Bad Homburg vor der Höhe"]
[Date "2024.05.29"]
[Round "3"]
[White "Bezsonna, Polina"]
[Black "Fang, Borui"]
[Result "1-0"]
[WhiteElo "1788"]
[BlackElo "1740"]
[PlyCount "71"]
[EventDate "2024.??.??"]
[WhiteTeam "SK Bad Homburg 1927"]
[BlackTeam "SV Oberursel"]

1. e4 e5 2. Nf3 Nc6 3. Bc4 Nf6 4. d4 exd4 5. e5 d5 6. Bb5 Ne4 7. Nxd4 Bd7 8. Bxc6 bxc6 9. O-O Be7 10. f3 Nc5 11. Be3 Ne6 12. Nf5 Bc5 13. Bxc5 Nxc5 14. Ng3 h5 15. Nd2 h4 16. Ne2 Qg5 17. f4 Qg6 18. Nd4 h3 19. g3 Rb8 20. Rb1 Bg4 21. Qe1 Bf5 22. b4 Ne6 23. N2b3 Rb6 24. a4 Kd7 25. a5 Rb7 26. Nxe6 fxe6 27. Nc5+ Kc8 28. Nxb7 Kxb7 29. Qc3 a6 30. Qc5 Bxc2 31. Rfc1 Ba4 32. b5 Bxb5 33. Qxc6+ Kb8 34. Qxa6 c6 35. Qxc6 Qe4 36. Rxb5+ 1-0

[Event "XXVI. Rhein-Main-Open, Gruppe B"]
[Site "Bad Homburg vor der Höhe"]
[Date "2024.05.29"]
[Round "3"]
[White "Bigott, Martin"]
[Black "Jordake, Michael"]
[Result "1-0"]
[WhiteElo "1885"]
[BlackElo "1804"]
[PlyCount "53"]
[EventDate "2024.??.??"]
[WhiteTeam "SK Köln-Südwest"]
[BlackTeam "SC Bergen-Enkheim 1922"]

1. g3 Nf6 2. Bg2 d5 3. d4 Nc6 4. Nf3 e6 5. Ne5 Nxe5 6. dxe5 Nd7 7. f4 Bc5 8. Qd3 c6 9. Nc3 a6 10. e4 Ba7 11. exd5 Qb6 12. Ne4 cxd5 13. Nd6+ Kf8 14. Rf1 g6 15. b3 Kg7 16. c4 Qd4 17. Qxd4 Bxd4 18. Rb1 Nb6 19. Ba3 Rb8 20. Ke2 Nd7 21. cxd5 b5 22. dxe6 fxe6 23. Rfd1 Bc5 24. Nxc8 Bxa3 25. Rxd7+ Kh6 26. Nd6 Rhd8 27. Nf7+ 1-0

[Event "XXVI. Rhein-Main-Open, Gruppe B"]
[Site "Bad Homburg vor der Höhe"]
[Date "2024.05.29"]
[Round "3"]
[White "Clement, Marc"]
[Black "Kolker, Vladislav"]
[Result "0-1"]
[WhiteElo "1659"]
[BlackElo "1896"]
[PlyCount "64"]
[EventDate "2024.??.??"]
[WhiteTeam "Altonaer SK von 1873 e.V"]
[BlackTeam "SC Bad Nauheim"]

1. e4 e5 2. Nf3 Nc6 3. d4 exd4 4. Nxd4 Bc5 5. Nb3 Bb6 6. Nc3 Qf6 7. Qe2 Nge7 8. Be3 d6 9. O-O-O O-O 10. Bxb6 axb6 11. a3 Be6 12. Nd5 Bxd5 13. exd5 Ne5 14. f3 Rfe8 15. Kb1 c6 16. dxc6 bxc6 17. Qd2 d5 18. h4 Nf5 19. Qg5 Qe6 20. Re1 h6 21. Qd2 Ng3 22. Rg1 Qf6 23. f4 Nxf1 24. Rgxf1 Nc4 25. Rxe8+ Rxe8 26. Qc1 Qxh4 27. Nd2 Ne3 28. Re1 Qxf4 29. Nf3 d4 30. b4 c5 31. Qd2 Ra8 32. Kb2 Nc4+ 0-1

[Event "XXVI. Rhein-Main-Open, Gruppe B"]
[Site "Bad Homburg vor der Höhe"]
[Date "2024.05.29"]
[Round "3"]
[White "Faisz, David"]
[Black "Graef, Kilian Gabriel"]
[Result "0-1"]
[WhiteElo "1565"]
[BlackElo "1683"]
[PlyCount "124"]
[EventDate "2024.??.??"]
[WhiteTeam "SK 1926 Ettlingen"]
[BlackTeam "SV Frankfurt Nord 1926"]

1. e4 d6 2. Nf3 Nf6 3. Nc3 g6 4. d4 Bg7 5. Be2 O-O 6. O-O Bg4 7. Be3 Nbd7 8. h3 Bxf3 9. Bxf3 e5 10. d5 Rc8 11. Qd2 c6 12. dxc6 Rxc6 13. Bh6 Qb6 14. Rab1 Nc5 15. Rfe1 Ne6 16. Bxg7 Kxg7 17. Nd5 Qc5 18. Nxf6 Kxf6 19. Qh6 Qxc2 20. Qxh7 Qd2 21. h4 Rcc8 22. Re2 Qf4 23. g3 Qxf3 24. Re3 Qg4 25. Kg2 Rh8 26. f3 Nf4+ 27. Kf2 Qh3 28. Qxh8+ Rxh8 29. gxf4 exf4 30. Rd3 Qg3+ 31. Ke2 Qg2+ 32. Kd1 Qf1+ 33. Kc2 Rc8+ 34. Rc3 Qe2+ 35. Kb3 Qb5+ 36. Kc2 Rxc3+ 37. bxc3 Qa4+ 38. Kb2 Ke5 39. Rg1 Qb5+ 40. Kc1 Qe2 41. Rd1 Qxf3 42. Re1 Qxc3+ 43. Kd1 Qa1+ 44. Ke2 Qxa2+ 45. Kf1 Qh2 46. Re2 Qxe2+ 47. Kxe2 Kxe4 48. Kf2 d5 49. Ke2 d4 50. Ke1 a5 51. Ke2 a4 52. Ke1 a3 53. Ke2 a2 54. Ke1 Ke3 55. Kf1 f3 56. Kg1 f2+ 57. Kg2 Ke2 58. Kh3 f1=Q+ 59. Kg4 Qf5+ 60. Kg3 a1=Q 61. h5 Qg1+ 62. Kh4 Qgg4# 0-1

[Event "XXVI. Rhein-Main-Open, Gruppe B"]
[Site "Bad Homburg vor der Höhe"]
[Date "2024.05.29"]
[Round "3"]
[White "Fischer, Frederik"]
[Black "Wesener, Joachim"]
[Result "1/2-1/2"]
[WhiteElo "1616"]
[BlackElo "1699"]
[PlyCount "37"]
[EventDate "2024.??.??"]
[WhiteTeam "SV Oberursel"]
[BlackTeam "SC Hilchenbach"]

1. c4 Nf6 2. Nc3 e5 3. Nf3 Nc6 4. e3 d6 5. d4 Bd7 6. d5 Ne7 7. e4 g6 8. h3 Bg7 9. Be3 a6 10. c5 O-O 11. Be2 Nh5 12. Nh4 Nf4 13. g3 Nxe2 14. Qxe2 f5 15. cxd6 cxd6 16. exf5 gxf5 17. Ng2 Ng6 18. Qd2 Rc8 19. h4 1/2-1/2

[Event "XXVI. Rhein-Main-Open, Gruppe B"]
[Site "Bad Homburg vor der Höhe"]
[Date "2024.05.29"]
[Round "3"]
[White "Friedel, Thomas"]
[Black "Fallouh, Philippe"]
[Result "0-1"]
[WhiteElo "1674"]
[BlackElo "1781"]
[PlyCount "118"]
[EventDate "2024.??.??"]
[WhiteTeam "SV 1946 Groß-Gerau"]
[BlackTeam "SK Bad Homburg 1927"]

1. Nf3 d5 2. d4 Bg4 3. c4 e6 4. Nc3 c6 5. cxd5 exd5 6. e3 Bd6 7. Be2 Nf6 8. O-O O-O 9. Qc2 h6 10. Re1 Qc7 11. h3 Be6 12. Bd2 Nbd7 13. Rac1 Rac8 14. Qa4 Ne4 15. Qc2 Ndf6 16. Bd3 Nxd2 17. Qxd2 Qb8 18. Qc2 Rfe8 19. Nh4 Bh2+ 20. Kh1 Bc7 21. f4 Nh5 22. Qf2 g5 23. Qf3 Ng7 24. fxg5 hxg5 25. Nf5 Nxf5 26. Bxf5 Bxf5 27. Qxf5 Re6 28. Rf1 Rf8 29. Qxg5+ Rg6 30. Qf5 Qd8 31. Ne2 Rg5 32. Qf6 Qxf6 33. Rxf6 Re8 34. Rf3 Ba5 35. Nc3 Rg6 36. Kg1 Rge6 37. Kf2 Bd8 38. Rf1 Bg5 39. Rg3 Rg6 40. Ke2 Bh6 41. Rxg6+ fxg6 42. Nd1 Bg7 43. Kd3 b6 44. b3 c5 45. dxc5 bxc5 46. Nc3 Bxc3 47. Kxc3 Rxe3+ 48. Kd2 Rg3 49. Rf2 Kg7 50. Ke2 Rc3 51. Kd2 d4 52. Rf3 Rxf3 53. gxf3 a5 54. a3 Kf6 55. b4 cxb4 56. axb4 axb4 57. Kd3 b3 58. Kd2 Ke5 59. Kc1 d3 0-1

[Event "XXVI. Rhein-Main-Open, Gruppe B"]
[Site "Bad Homburg vor der Höhe"]
[Date "2024.05.29"]
[Round "3"]
[White "Gaertner, David"]
[Black "Lao, Theodora Siyuan"]
[Result "1-0"]
[WhiteElo "1637"]
[BlackElo "1088"]
[PlyCount "101"]
[EventDate "2024.??.??"]
[WhiteTeam "Sfr.Mainz 1928"]
[BlackTeam "SK Bad Homburg 1927"]

1. d4 d5 2. c4 c6 3. Nf3 e6 4. Nc3 Nf6 5. Bg5 h6 6. Bh4 Be7 7. e3 c5 8. cxd5 exd5 9. dxc5 Bxc5 10. Bxf6 Qxf6 11. Nxd5 Qd6 12. a3 O-O 13. b4 Bb6 14. Nxb6 Qxd1+ 15. Kxd1 axb6 16. Bb5 Rd8+ 17. Ke2 Nc6 18. Rhd1 Bg4 19. Rxd8+ Rxd8 20. Rd1 Rxd1 21. Kxd1 g5 22. Kd2 Kg7 23. h3 Be6 24. Nd4 Nxd4 25. exd4 Kf6 26. Kc3 Ke7 27. Bc4 Bd7 28. Bd5 Bc6 29. Bxc6 bxc6 30. Kc4 Kd6 31. a4 f5 32. a5 Kc7 33. g4 f4 34. a6 Kb8 35. b5 cxb5+ 36. Kxb5 Ka7 37. d5 Kb8 38. d6 Kc8 39. d7+ Kxd7 40. a7 Ke6 41. a8=Q Ke5 42. f3 Kd4 43. Qe4+ Kc3 44. Kxb6 Kd2 45. Kc5 Kc3 46. Qd4+ Kc2 47. Kc4 Kc1 48. Kc3 Kb1 49. Qg1+ Ka2 50. Qc1 h5 51. Qb2# 1-0

[Event "XXVI. Rhein-Main-Open, Gruppe B"]
[Site "Bad Homburg vor der Höhe"]
[Date "2024.05.29"]
[Round "3"]
[White "Ghaznavi, Massoud"]
[Black "Hasenpflug, Till"]
[Result "0-1"]
[WhiteElo "1664"]
[BlackElo "1633"]
[PlyCount "82"]
[EventDate "2024.??.??"]
[WhiteTeam "SV Oberursel"]
[BlackTeam "SK Bad Homburg 1927"]

1. e4 c5 2. d3 g6 3. Bd2 Bg7 4. Bc3 Nf6 5. Be2 O-O 6. Nf3 Nc6 7. O-O b5 8. a3 b4 9. axb4 cxb4 10. Bd2 Bb7 11. e5 Nd5 12. d4 d6 13. c4 bxc3 14. Nxc3 dxe5 15. Nxd5 Qxd5 16. Be3 exd4 17. Ra4 Rfd8 18. Bc4 Qd7 19. Bf4 e5 20. Bg3 Re8 21. Qb3 Rab8 22. Qa2 Ba8 23. Ng5 Re7 24. Re1 h6 25. Ne4 Nb4 26. Qb3 Bxe4 27. Rxe4 Nc6 28. Qa3 Kh7 29. f3 Rd8 30. Bd3 Qd6 31. Qb3 Rb8 32. Qc2 Nb4 33. Qd2 Nxd3 34. Qxd3 Qc6 35. Raxd4 exd4 36. Bxb8 Rxe4 37. fxe4 Qc1+ 38. Qf1 Qe3+ 39. Qf2 Qxe4 40. Qxf7 d3 41. Qf2 Bd4 0-1

[Event "XXVI. Rhein-Main-Open, Gruppe B"]
[Site "Bad Homburg vor der Höhe"]
[Date "2024.05.29"]
[Round "3"]
[White "Glavev, Danail"]
[Black "Francke, Helmut"]
[Result "0-1"]
[WhiteElo "1683"]
[BlackElo "1895"]
[PlyCount "98"]
[EventDate "2024.??.??"]
[WhiteTeam "SK Bad Homburg 1927"]
[BlackTeam "SC Bad Nauheim"]

1. e4 c5 2. Nc3 Nc6 3. Bb5 Nd4 4. Bc4 e6 5. a3 a6 6. Nf3 b5 7. Ba2 Bb7 8. d3 Qc7 9. Be3 Nxf3+ 10. Qxf3 Ne7 11. O-O Nc6 12. Bf4 Bd6 13. Bxd6 Qxd6 14. Ne2 O-O 15. Qg3 Qxg3 16. Nxg3 g6 17. f4 f5 18. e5 h6 19. h4 Rf7 20. Rae1 Kf8 21. c3 Ke7 22. Bb3 Rg8 23. Rf2 g5 24. h5 gxf4 25. Ne2 f3 26. Nf4 fxg2 27. Ng6+ Kd8 28. a4 Ne7 29. Nf4 Rg4 30. axb5 axb5 31. Ra1 Rfg7 32. Bxe6 Rxf4 33. Rxf4 dxe6 34. d4 c4 35. Ra5 Nd5 36. Rf3 Nc7 37. Rf2 Rg5 38. Ra7 Bd5 39. Ra1 Rxh5 40. Rxg2 Bxg2 41. Kxg2 Kd7 42. b3 cxb3 43. Rb1 Kc6 44. Rxb3 Nd5 45. Ra3 Rg5+ 46. Kh3 f4 47. Ra6+ Nb6 48. d5+ exd5 49. e6 Rg7 0-1

[Event "XXVI. Rhein-Main-Open, Gruppe B"]
[Site "Bad Homburg vor der Höhe"]
[Date "2024.05.29"]
[Round "3"]
[White "Glavev, Victor"]
[Black "Hensel, Roman"]
[Result "0-1"]
[WhiteElo "1483"]
[BlackElo "1743"]
[PlyCount "90"]
[EventDate "2024.??.??"]
[WhiteTeam "SK Bad Homburg 1927"]
[BlackTeam "SV Oberursel"]

1. e4 c5 2. Nf3 d6 3. Bb5+ Bd7 4. Bxd7+ Nxd7 5. d3 Ngf6 6. Nc3 g6 7. Nd5 Nxd5 8. exd5 Bg7 9. O-O O-O 10. Be3 Nb6 11. Rb1 Nxd5 12. Bd2 Re8 13. c4 Nc7 14. Bg5 Ne6 15. Bh4 Qa5 16. a3 Rab8 17. Re1 b5 18. Re2 bxc4 19. dxc4 Rb7 20. Rc2 Reb8 21. Qe2 h6 22. h3 Qa4 23. Qd2 Qc6 24. b4 cxb4 25. axb4 Qe4 26. Bg3 Rc8 27. Rbc1 Rbc7 28. Re1 Qf5 29. Nh4 Qg5 30. Qe2 Nd4 31. Qd2 Nxc2 32. Qxc2 Rxc4 33. Qa4 Rxh4 34. Qa6 Rhc4 35. Qxa7 Bd4 36. Qb7 Qxg3 37. Rf1 Bxf2+ 38. Rxf2 Rc1+ 39. Rf1 Rxf1+ 40. Kxf1 Rc1+ 41. Ke2 Re1+ 42. Kd2 Qe3+ 43. Kc2 Rc1+ 44. Kb2 Qc3+ 45. Ka2 Ra1# 0-1

[Event "XXVI. Rhein-Main-Open, Gruppe B"]
[Site "Bad Homburg vor der Höhe"]
[Date "2024.05.29"]
[Round "3"]
[White "Graf, Michael"]
[Black "Bretschneider, Andreas"]
[Result "1-0"]
[WhiteElo "1775"]
[BlackElo "1156"]
[PlyCount "83"]
[EventDate "2024.??.??"]
[WhiteTeam "Schachunion Schorndorf e.V."]
[BlackTeam "Sabt Frankfurter TV 1860"]

1. b4 d5 2. Bb2 f6 3. e3 e5 4. b5 a6 5. Nf3 Bd7 6. Nxe5 fxe5 7. Qh5+ Ke7 8. Qxe5+ Be6 9. Be2 Nf6 10. O-O c5 11. bxc6 bxc6 12. a4 Nbd7 13. Qg3 g6 14. a5 Bg7 15. Ba3+ Kf7 16. d4 Ne4 17. Qf4+ Bf5 18. g4 Qg5 19. Qxg5 Nxg5 20. gxf5 gxf5 21. Nd2 Rhg8 22. Kh1 Bf6 23. Rab1 Bd8 24. Rb7 Ke6 25. Nc4 Nh3 26. Nb6 Nxb6 27. axb6 Bh4 28. Rxh7 Nxf2+ 29. Rxf2 Bxf2 30. Rh6+ Kf7 31. Bh5+ Kg7 32. Re6 Kh7 33. h3 Rg1+ 34. Kh2 Rag8 35. Bf3 Rb8 36. Bc5 Rb7 37. Rxc6 Bxe3 38. Bxd5 Rc1 39. Bb3 Rg7 40. Bd6 Bxd4 41. Bf4 Re1 42. Rh6# 1-0